000 00741nam a2200217 a 4500
001 84828
003 BD-RjUL
005 20250417144848.0
008 250417s1984 bg ||||| |||| 00| 0 ben d
035 _a(BD-RjUL)84828
040 _aBD-RjUL
_beng
_cBD-RjUL
041 _aeng
082 _223
_a891.443
_bMUK 1984
245 _aমুক্তিযুদ্ধের গল্প /
_cসম্পাদনা আবুল হাসনাত
260 _aঢাকা :
_bসন্ধানী প্রকাশনী,
_c[১৯৮৪?]
300 _a২৬৫ পৃ.;
_c২২ সেমি.
650 _aবাংলা গল্প
650 _aBengali story
700 _aহাসনাত, আবুল
_915272
942 _2ddc
_cBK
999 _c84828
_d84828